Najlepsi strzelcy FC Porto. - Statystyki

Ogólne statystyki
  • Ten quiz został rozwiązany 35 razy
  • Średni wynik to 4 z 15
Statystyki odpowiedzi
Lata Narodowość Piłkarz % Poprawnych
2009-2011 Kolumbia Falcao
76%
2012-2015 Kolumbia Martinez
61%
2008-2012 Brazylia Hulk
45%
2014-2020 Kamerun Aboubakar
39%
2016-teraz Mali Marega
36%
1999-2004 Portugalia Deco
27%
2014-2019 Algieria Brahimi
24%
2004-2008, 2014-2015 Portugalia Quaresma
21%
2002-2006 RPA McCarthy
15%
2005-2009 Argentyna Lopez
12%
2001-2003, 2004-2008 Portugalia Postiga
12%
2017-2020 Brazylia Soares
9%
2015-2017 Portugalia Varela
6%
2002-2005 Brazylia Derlei
3%
2005-2009, 2012-2014 Argentyna Gonzalez
3%
Nie znaleziono quizów pasujących do podanych kryteriów
Rozkład punktacji
Procent ludzi z każdym wynikiem
Percentyl według liczby udzielonych odpowiedzi
Twoja historia wyników
Nie rozwiązałeś tego quizu